| 000 | 00693nam a2200253Ia 4500 | ||
|---|---|---|---|
| 003 | OSt | ||
| 005 | 20221006144737.0 | ||
| 006 | a|||||r|||| 00| 0 | ||
| 007 | ta | ||
| 008 | 221006b |||||||| |||| 00| 0 eng d | ||
| 020 | _cP3.00 | ||
| 024 | _a12,580 | ||
| 037 | _cTextual | ||
| 040 |
_aEASL _cEASL _beng |
||
| 041 |
_2eng _aeng |
||
| 082 | _aV41:19(zM)-8.56.M60<-M56, J4 | ||
| 100 |
_aSMITH Bonner Ed. _9652746 |
||
| 245 | 0 | _aSecond Chian war 1856-1860 | |
| 260 | _c1954 | ||
| 300 |
_a413p. _ccm. |
||
| 700 |
_a LUMBY E W R Ed. _9652747 |
||
| 942 |
_hV41:19(zM)-8.56.M60<-M56, J4 _cTEXL _2CC |
||
| 999 |
_c1080666 _d1080666 |
||